000 00271nam a22001217a 4500
008 180308b xxu||||| |||| 00| 0 eng d
041 _aeng
080 _23rd
_a617
100 _a5
101 _aKIR
245 _aAtlas of pelvic surgery
_cWheeless,C.R
942 _2udc
_cBK
999 _c44393
_d44393